000 00953nam a22003130a 4500
001 PT59927
003 AR-LpoUNG
005 20210131231935.0
008 191001s2016||||sp |||||||||||||||||spa d
020 _a9788416515912
_c$14
040 _aAR-LpoUNG
_bspa
_cAR-LpoUNG
_eaacr
041 _aspa
044 _asp
082 0 _a410 379cou
100 1 _aMartín Zorraquino, María Antonia
245 1 3 _aEl Cours de linguistique générale (1916) de Ferdinand de Saussure :
_balgunas reflexiones, desde la lingüística hispánica, en el centenario de su publicación
250 _a1ra. ed.
260 _aZaragoza :
_bPrensas de la Universidad de Zaragoza,
_c2016.
300 _a149 p. :
_bfot.
650 4 _aEUROPA
650 4 _aLINGÜISTICA
650 4 _aSEMANTICA
650 4 _aTEORIA LINGÜISTICA
653 _aANALISIS LINGÜISTICO
653 _aSAUSSURE, FERDINAND DE
653 _aSEMIOLOGIA
905 _a59927
942 _cLSALA
999 _c12719
_d12719